000 01044nam a22002177a 4500
999 _c71341
_d71341
005 20200203145155.0
010 _aUR-7877,B-429050-054
020 _c250.00
_a8182232856
020 _c250.00
_a9788182237490
035 _aU-6432,B-429050-054
037 _bBPPD/ Educational Publishining House
082 _a840.08
100 _aامین احسن
245 _aپر یم چند کے سما جی نظر یا ت :
_bنا و لو ں کی ر و شنی میں /
_cامین احسن
246 _aPrem Chand Ke Samaji Nazariyat:Novelon Ki Roshani Mein /
_bby Ameen Ahsan
260 _aد ہلی
_bایجوکیشنل پبلشنگ ہاؤس
_c2010 ء
270 _a3108, Vakil Street, Kucha Pandit, Lal Kuan
_bDelhi
_e110006
_k011-23216162,23214465
_l0091-11-23211540
_mwww.ephbooks.com
300 _a268ص
_c22cm(Hb)
942 _2ddc
_cUR
_mا م ی
_h840.08